000 00359nam a22001577a 4500
003 OSt
008 240411b |||||||| |||| 00| 0 eng d
020 _a978935510105
082 _a004.1 KAA
100 _aKASHYAP,Patanjali
245 _aApplied Quantum Computers
250 _a1st Ed
260 _aNew Delhi
_bBPB
_c2024
300 _a661
942 _2ddc
_cBK
999 _c12457
_d12457